Gegenwart und Zukunft der Heimvolkshochschulen in Deutschland Zweiter Teil einer Untersuchung über die Bedeutung der Heimvolkshochschule "Dänischer Richtung" fürdie Integration der Erwachsenenbildung in das Bildungssystem

Uložené v:
Podrobná bibliografia
Hlavní autori: Behrend, Harald (Author), Lochner, Norbert 1928- (Author)
Médium: Kniha
Jazyk:German
Vydané: Osnabrück : Verlag A. Fromm, 1968.
Vydanie:1. Aufl.
Edícia:Beiträge zur Erwachsenenbildung Bd. 12
ISBN: (brož.)
Fyzický popis: 295 s.
Tagy: Pridať tag
Žiadne tagy, Buďte prvý kto otaguje tento záznam!

MARC

LEADER 00000nam a22000004a 4500
001 000413413
005 20121217221415.0
008 121217s1968 gw e 000 0 ger d
020 |a (brož.)  |c Kčs 61,00 
040 |a SVKKK  |b slo  |c SVKKK  |e AACR2 
041 0 |a ger 
044 |a gw  |c DE 
100 1 |a Behrend, Harald  |4 aut 
245 1 0 |a Gegenwart und Zukunft der Heimvolkshochschulen in Deutschland  |n Zweiter Teil einer Untersuchung über die Bedeutung der Heimvolkshochschule "Dänischer Richtung" fürdie Integration der Erwachsenenbildung in das Bildungssystem  |c von Harald Behrend und Norbert Lochner. 
250 |a 1. Aufl. 
260 |a Osnabrück :  |b Verlag A. Fromm,  |c 1968. 
300 |a 295 s. 
490 1 |a Beiträge zur Erwachsenenbildung  |v Bd. 12 
700 1 |a Lochner, Norbert  |d 1928-  |4 aut 
830 0 |a Beiträge zur Erwachsenenbildung  |v Bd. 12 
910 |a svkkk 
998 |a BK 
090 |g SCKHL  |k Sklad Hlavná 10 suterén  |a I.38719  |j 442748  |i 2720633112  |s Absenčne